Land vs. Land #12 - Statistiken

Allgemein
  • Dieses Quiz wurde 43 mal gespielt
  • Das Durchschnittsergebnis liegt bei 12 aus 14
Antwortstatistiken
Frage Antwort % Korrekt
...Tourismus? Österreich🇦🇹
100%
...HDI (Human Development Index)? Österreich🇦🇹
100%
...Gewinner? Österreich🇦🇹
100%
...Gesundheitswesen? Österreich🇦🇹
97%
...Lebenserwartung? Österreich🇦🇹
97%
...durchschnittlicher IQ? Österreich🇦🇹
97%
...Frieden? Österreich🇦🇹
95%
...Fläche? Oman🇴🇲
92%
...Bruttoinlandsprodukt? Österreich🇦🇹
87%
...Happy Planet Index? Österreich🇦🇹
85%
...Bruttoinlandsprodukt pro Kopf? Österreich🇦🇹
77%
...Einwohner? Österreich🇦🇹
64%
...Exportmengen? Österreich🇦🇹
64%
...Militär? Oman🇴🇲
56%
Keine übereinstimmenden Quizze gefunden
Verteilung der Resultate
Anzahl Personen mit jedem Resultat
Perzentil nach korrekt beantworteten Fragen
Ihre Resultats-Entwicklung
Sie haben dieses Quiz noch nicht gespielt